[Event "5th European Small Nations"]
[Site "Andorra la Vella"]
[Date "2017.11.18"]
[Round "9.9"]
[White "Rowe, Peter"]
[Black "Mannhart, Marcel"]
[Result "1/2-1/2"]
[BlackElo "2123"]
[WhiteElo "1945"]
[LiveChessVersion "1.4.8"]

1. d4 {[%clk 1:30:34]} g6 {[%clk 1:30:43]} 2. Bf4 {[%clk 1:30:30]} Bg7
{[%clk 1:30:35]} 3. e3 {[%clk 1:30:18]} d6 {[%clk 1:30:42]} 4. Nf3
{[%clk 1:29:38]} Nd7 {[%clk 1:30:26]} 5. h3 {[%clk 1:25:43]} e5 {[%clk 1:30:26]}
6. Bh2 {[%clk 1:25:54]} Qe7 {[%clk 1:30:09]} 7. Nc3 {[%clk 1:17:42]} c6
{[%clk 1:22:42]} 8. dxe5 {[%clk 1:16:37]} dxe5 {[%clk 1:22:15]} 9. Qd2
{[%clk 1:14:52]} Ngf6 {[%clk 1:16:58]} 10. Bc4 {[%clk 1:12:15]} O-O
{[%clk 1:10:16]} 11. Rd1 {[%clk 1:11:34]} Ne8 {[%clk 0:57:35]} 12. Ne4
{[%clk 0:57:40]} Nb6 {[%clk 0:51:50]} 13. Bb3 {[%clk 0:51:45]} Be6
{[%clk 0:43:51]} 14. Bxe6 {[%clk 0:39:23]} Qxe6 {[%clk 0:43:50]} 15. Nc5
{[%clk 0:32:38]} Qe7 {[%clk 0:42:47]} 16. Qc3 {[%clk 0:22:04]} Nd5
{[%clk 0:30:48]} 17. Qa3 {[%clk 0:18:49]} b6 {[%clk 0:29:21]} 18. c4
{[%clk 0:15:46]} Qxc5 {[%clk 0:24:11]} 19. Qxc5 {[%clk 0:15:56]} bxc5
{[%clk 0:24:36]} 20. cxd5 {[%clk 0:16:17]} f6 {[%clk 0:24:34]} 21. O-O
{[%clk 0:14:51]} Rf7 {[%clk 0:24:35]} 22. dxc6 {[%clk 0:14:58]} Rc8
{[%clk 0:19:28]} 23. Nd2 {[%clk 0:13:33]} Nd6 {[%clk 0:13:03]} 24. b3
{[%clk 0:12:19]} Rxc6 {[%clk 0:13:03]} 25. Nc4 {[%clk 0:11:59]} Nxc4
{[%clk 0:12:40]} 26. bxc4 {[%clk 0:12:21]} Ra6 {[%clk 0:12:52]} 27. Rd2
{[%clk 0:12:07]} Rb7 {[%clk 0:12:41]} 28. f4 {[%clk 0:11:36]} exf4
{[%clk 0:09:45]} 29. exf4 {[%clk 0:09:27]} f5 {[%clk 0:07:45]} 30. Kh1
{[%clk 0:08:41]} Bd4 {[%clk 0:05:14]} 1/2-1/2

[Event "5th European Small Nations"]
[Site "Andorra la Vella"]
[Date "2017.11.18"]
[Round "9.10"]
[White "Guller, Andras"]
[Black "Strade, Arita"]
[Result "0-1"]
[BlackElo "1864"]
[WhiteElo "2041"]
[LiveChessVersion "1.4.8"]

1. e4 {[%clk 1:30:29]} c5 {[%clk 1:30:53]} 2. Nf3 {[%clk 1:30:44]} e6
{[%clk 1:31:09]} 3. d4 {[%clk 1:30:40]} cxd4 {[%clk 1:31:33]} 4. Nxd4
{[%clk 1:31:03]} Nf6 {[%clk 1:31:54]} 5. Bd3 {[%clk 1:28:28]} Be7
{[%clk 1:30:51]} 6. O-O {[%clk 1:26:16]} d6 {[%clk 1:28:22]} 7. c4
{[%clk 1:20:15]} O-O {[%clk 1:21:41]} 8. Nc3 {[%clk 1:17:24]} Bd7
{[%clk 1:19:56]} 9. b3 {[%clk 1:14:25]} Nc6 {[%clk 1:17:49]} 10. Nxc6
{[%clk 1:11:51]} Bxc6 {[%clk 1:18:05]} 11. Bb2 {[%clk 1:11:13]} Qa5
{[%clk 1:05:23]} 12. f3 {[%clk 0:53:54]} Rad8 {[%clk 0:54:42]} 13. Kh1
{[%clk 0:51:03]} Qh5 {[%clk 0:52:06]} 14. Ne2 {[%clk 0:46:02]} Nd7
{[%clk 0:45:35]} 15. Ng3 {[%clk 0:33:39]} Qh4 {[%clk 0:33:10]} 16. Qe1
{[%clk 0:27:14]} Ne5 {[%clk 0:26:09]} 17. Bc2 {[%clk 0:25:51]} Bf6
{[%clk 0:26:01]} 18. Rb1 b5 {[%clk 0:24:08]} 19. cxb5 {[%clk 0:20:16]} Bxb5
{[%clk 0:22:51]} 20. Rf2 {[%clk 0:20:04]} Rc8 {[%clk 0:15:37]} 21. Qd1
{[%clk 0:10:59]} Rc6 {[%clk 0:13:47]} 22. a4 {[%clk 0:10:42]} Ba6
{[%clk 0:11:53]} 23. b4 {[%clk 0:10:36]} Bc4 {[%clk 0:11:21]} 24. b5
{[%clk 0:10:42]} Rb6 {[%clk 0:11:00]} 25. Bd4 {[%clk 0:10:37]} Rb7
{[%clk 0:11:23]} 26. Rd2 {[%clk 0:10:05]} Bg5 {[%clk 0:11:00]} 27. Bf2
{[%clk 0:07:40]} Bxd2 {[%clk 0:10:25]} 28. Qxd2 {[%clk 0:08:04]} d5
{[%clk 0:07:18]} 29. Qd4 {[%clk 0:07:08]} Qf6 {[%clk 0:06:37]} 30. h3
{[%clk 0:04:32]} Nd7 {[%clk 0:06:02]} 31. Qd2 {[%clk 0:04:30]} Qe7
{[%clk 0:04:35]} 32. f4 {[%clk 0:04:06]} f6 {[%clk 0:04:13]} 33. f5
{[%clk 0:03:57]} Ne5 {[%clk 0:04:20]} 34. fxe6 {[%clk 0:03:56]} Qxe6
{[%clk 0:04:41]} 35. Nf5 {[%clk 0:02:37]} dxe4 {[%clk 0:03:55]} 36. Bxe4
{[%clk 0:02:31]} Rd7 {[%clk 0:04:10]} 37. Qe3 {[%clk 0:01:09]} Bd5
{[%clk 0:03:41]} 38. Bc2 {[%clk 0:01:00]} Nc4 {[%clk 0:03:27]} 39. Qc3
{[%clk 0:01:01]} Qe2 {[%clk 0:03:03]} 40. Qg3 {[%clk 0:30:44]} Qxc2
{[%clk 0:32:51]} 0-1

[Event "5th European Small Nations"]
[Site "Andorra la Vella"]
[Date "2017.11.18"]
[Round "9.11"]
[White "Brookfield, Toby"]
[Black "Frick, Renato"]
[Result "0-1"]
[BlackElo "1997"]
[WhiteElo "1864"]
[LiveChessVersion "1.4.8"]

1. e4 {[%clk 1:30:44]} c5 {[%clk 1:29:48]} 2. Nf3 {[%clk 1:30:54]} Nc6
{[%clk 1:29:52]} 3. d4 {[%clk 1:31:13]} cxd4 {[%clk 1:30:13]} 4. Nxd4
{[%clk 1:31:30]} g6 {[%clk 1:29:50]} 5. Nc3 {[%clk 1:31:19]} Bg7 {[%clk 1:30:08]}
6. Be3 {[%clk 1:31:33]} Nf6 {[%clk 1:30:17]} 7. Bc4 {[%clk 1:31:24]} O-O
{[%clk 1:30:28]} 8. Bb3 {[%clk 1:31:49]} a5 {[%clk 1:30:07]} 9. f3
{[%clk 1:30:00]} d5 {[%clk 1:26:59]} 10. Bxd5 {[%clk 1:14:51]} Nxd5
{[%clk 1:26:59]} 11. exd5 Nb4 {[%clk 1:22:42]} 12. O-O {[%clk 1:09:57]} Nxd5
{[%clk 1:21:57]} 13. Nxd5 {[%clk 1:07:28]} Qxd5 {[%clk 1:22:18]} 14. c3
{[%clk 1:07:13]} a4 {[%clk 1:17:26]} 15. Qe2 {[%clk 1:05:30]} Qa5
{[%clk 0:51:59]} 16. Rac1 {[%clk 0:55:06]} Bd7 {[%clk 0:48:08]} 17. c4
{[%clk 0:49:29]} Rfc8 {[%clk 0:44:41]} 18. Rfd1 {[%clk 0:45:08]} e5
{[%clk 0:40:25]} 19. Nb5 {[%clk 0:43:55]} Bc6 {[%clk 0:31:05]} 20. Bf2
{[%clk 0:35:27]} Bh6 {[%clk 0:21:45]} 21. Rc2 {[%clk 0:31:07]} Bxb5
{[%clk 0:19:50]} 22. cxb5 {[%clk 0:22:15]} Rxc2 {[%clk 0:19:52]} 23. Qxc2
{[%clk 0:22:38]} Qxb5 {[%clk 0:20:14]} 24. Bg3 {[%clk 0:18:43]} Be3+
{[%clk 0:14:46]} 25. Bf2 {[%clk 0:18:18]} Bxf2+ {[%clk 0:12:46]} 26. Kxf2
{[%clk 0:18:28]} Re8 {[%clk 0:12:42]} 27. Qc3 {[%clk 0:17:02]} Qb6+
{[%clk 0:11:08]} 28. Kf1 {[%clk 0:16:49]} Qe6 {[%clk 0:10:39]} 29. Re1
{[%clk 0:16:04]} Qd5 {[%clk 0:09:28]} 30. b3 {[%clk 0:11:19]} axb3
{[%clk 0:08:13]} 31. axb3 {[%clk 0:10:07]} Re6 {[%clk 0:05:58]} 32. Re4
{[%clk 0:09:09]} b5 {[%clk 0:05:44]} 33. Kf2 {[%clk 0:08:15]} h5 {[%clk 0:05:17]}
34. b4 {[%clk 0:06:18]} Kh7 {[%clk 0:04:45]} 35. Re1 {[%clk 0:06:13]} e4
{[%clk 0:04:29]} 36. fxe4 {[%clk 0:03:37]} Rxe4 {[%clk 0:04:50]} 37. Rxe4
{[%clk 0:02:56]} Qxe4 {[%clk 0:05:13]} 38. Qc5 {[%clk 0:02:43]} Qd3
{[%clk 0:05:04]} 39. Qe3 {[%clk 0:02:05]} Qd7 {[%clk 0:03:57]} 40. h3
{[%clk 0:30:59]} Kg7 {[%clk 0:33:41]} 41. Qe5+ {[%clk 0:28:40]} f6
{[%clk 0:31:45]} 42. Qc5 {[%clk 0:27:17]} h4 {[%clk 0:31:55]} 43. Kg1
{[%clk 0:22:55]} g5 {[%clk 0:32:05]} 44. Kf2 {[%clk 0:22:48]} Kg6
{[%clk 0:32:20]} 45. Ke3 {[%clk 0:20:54]} f5 {[%clk 0:25:11]} 46. Qf8
{[%clk 0:19:00]} Qe6+ {[%clk 0:24:53]} 47. Kf2 {[%clk 0:17:55]} g4
{[%clk 0:25:10]} 48. Qa8 {[%clk 0:09:22]} g3+ {[%clk 0:25:06]} 49. Kf3
{[%clk 0:08:54]} Qb3+ {[%clk 0:25:15]} 50. Ke2 {[%clk 0:08:41]} Qc2+
{[%clk 0:23:33]} 51. Ke3 {[%clk 0:08:06]} Qf2+ {[%clk 4:04:55]} 52. Kd3
{[%clk 0:08:13]} Qf1+ {[%clk 0:22:29]} 53. Kd4 {[%clk 0:07:36]} Qc4+
{[%clk 0:22:11]} 54. Ke5 {[%clk 0:07:32]} Qc3+ {[%clk 0:20:12]} 55. Ke6
{[%clk 0:06:17]} Qc4+ {[%clk 0:17:48]} 56. Ke5 {[%clk 0:05:46]} Qe2+
{[%clk 0:15:22]} 57. Kd4 {[%clk 0:05:34]} Qe6 {[%clk 0:15:18]} 58. Kc5
{[%clk 0:04:33]} Qc4+ {[%clk 0:15:10]} 59. Kb6 {[%clk 0:04:33]} Qxb4
{[%clk 0:15:28]} 60. Qg8+ {[%clk 0:03:46]} Kf6 {[%clk 0:13:06]} 61. Qh8+
{[%clk 0:02:53]} Ke6 {[%clk 0:12:58]} 62. Qh6+ {[%clk 0:03:10]} Kd5
{[%clk 0:12:33]} 63. Qc6+ {[%clk 0:03:02]} Kd4 {[%clk 0:12:09]} 64. Qf6+
{[%clk 0:02:04]} Ke3 {[%clk 0:07:21]} 65. Qxf5 {[%clk 0:01:07]} Qd6+
{[%clk 0:07:32]} 66. Ka5 {[%clk 0:01:17]} Qd2+ {[%clk 0:07:42]} 67. Kb6
{[%clk 0:01:19]} Qd4+ {[%clk 0:07:43]} 68. Ka5 {[%clk 0:01:21]} Kd2
{[%clk 0:07:03]} 69. Qxb5 {[%clk 0:01:13]} Ke1 {[%clk 0:05:23]} 70. Qe8+
{[%clk 0:01:11]} Kf2 {[%clk 0:05:33]} 71. Qc6 {[%clk 0:01:05]} Qa1+
{[%clk 0:05:45]} 72. Kb4 {[%clk 0:01:11]} Qb2+ {[%clk 0:05:56]} 73. Ka4
{[%clk 0:01:16]} Kg1 {[%clk 0:06:10]} 74. Qc5+ {[%clk 0:00:53]} Kxg2
{[%clk 0:06:25]} 75. Qd5+ {[%clk 0:00:51]} Kh2 {[%clk 0:05:28]} 0-1

[Event "5th European Small Nations"]
[Site "Andorra la Vella"]
[Date "2017.11.18"]
[Round "9.12"]
[White "Muendle, Kurt"]
[Black "Hale, Andrew"]
[Result "1-0"]
[BlackElo "1871"]
[WhiteElo "1839"]
[LiveChessVersion "1.4.8"]

1. d4 {[%clk 1:30:48]} d6 {[%clk 1:30:49]} 2. Nf3 {[%clk 1:30:52]} Bg4
{[%clk 1:30:31]} 3. c4 {[%clk 1:31:17]} Nf6 {[%clk 1:27:42]} 4. Nc3
{[%clk 1:31:33]} Nbd7 {[%clk 1:25:51]} 5. e4 {[%clk 1:30:57]} e5 {[%clk 1:25:34]}
6. Be2 {[%clk 1:27:42]} exd4 {[%clk 1:23:32]} 7. Nxd4 {[%clk 1:27:55]} Bxe2
{[%clk 1:23:39]} 8. Qxe2 {[%clk 1:27:10]} Be7 {[%clk 1:20:02]} 9. O-O
{[%clk 1:27:17]} O-O {[%clk 1:20:08]} 10. Bg5 {[%clk 1:17:58]} h6
{[%clk 1:18:26]} 11. Bh4 {[%clk 1:18:12]} Nh7 {[%clk 1:13:12]} 12. Bxe7
{[%clk 1:16:37]} Qxe7 {[%clk 1:13:32]} 13. Nd5 {[%clk 1:14:53]} Qd8
{[%clk 1:12:25]} 14. Rad1 {[%clk 1:12:19]} Nhf6 {[%clk 1:10:11]} 15. Nc3
{[%clk 1:07:51]} Re8 {[%clk 1:04:56]} 16. Rfe1 {[%clk 1:03:35]} Qc8
{[%clk 1:01:14]} 17. b4 {[%clk 0:53:48]} Ne5 {[%clk 0:56:08]} 18. Nf3
{[%clk 0:50:39]} Qg4 {[%clk 0:49:23]} 19. Nxe5 {[%clk 0:48:53]} Qxe2
{[%clk 0:49:20]} 20. Rxe2 {[%clk 0:49:09]} Rxe5 {[%clk 0:49:05]} 21. f3
{[%clk 0:48:29]} Kf8 {[%clk 0:46:43]} 22. Nd5 {[%clk 0:42:44]} Rc8
{[%clk 0:39:29]} 23. Nxf6 {[%clk 0:40:40]} gxf6 {[%clk 0:39:54]} 24. Kf2
{[%clk 0:36:00]} Rce8 {[%clk 0:32:55]} 25. Rd5 {[%clk 0:28:43]} f5
{[%clk 0:31:34]} 26. Rxe5 {[%clk 0:28:33]} Rxe5 {[%clk 0:31:30]} 27. exf5
{[%clk 0:26:50]} Rxf5 {[%clk 0:30:58]} 28. Re4 {[%clk 0:26:15]} d5
{[%clk 0:26:53]} 29. Rd4 {[%clk 0:22:52]} dxc4 {[%clk 0:26:40]} 30. Rxc4
{[%clk 0:23:06]} c6 {[%clk 0:24:52]} 31. g4 {[%clk 0:15:31]} Rd5 {[%clk 0:24:44]}
32. Ke2 {[%clk 0:15:47]} a5 {[%clk 0:23:44]} 33. Rc5 {[%clk 0:13:15]} axb4
{[%clk 0:22:45]} 34. Rxd5 {[%clk 0:13:15]} cxd5 {[%clk 0:23:04]} 35. Kd3
{[%clk 0:13:21]} Ke7 {[%clk 0:23:16]} 36. Kd4 {[%clk 0:12:35]} Ke6
{[%clk 0:22:42]} 37. h4 {[%clk 0:11:29]} b6 {[%clk 0:13:47]} 38. f4
{[%clk 0:09:50]} f6 {[%clk 0:11:40]} 39. g5 {[%clk 0:09:42]} hxg5
{[%clk 0:11:17]} 40. hxg5 f5 {[%clk 0:40:13]} 41. g6 {[%clk 0:38:32]} Kf6
{[%clk 0:40:35]} 42. Kxd5 {[%clk 0:38:42]} Kxg6 {[%clk 0:40:49]} 43. Ke5
{[%clk 0:38:44]} Kg7 {[%clk 0:40:25]} 44. Kxf5 {[%clk 0:39:06]} Kf7
{[%clk 0:40:32]} 45. Ke5 {[%clk 0:39:14]} Ke7 {[%clk 0:40:49]} 46. f5
{[%clk 0:38:00]} Kf7 {[%clk 0:39:58]} 47. f6 {[%clk 0:38:13]} b3 {[%clk 0:40:07]}
48. axb3 {[%clk 0:38:28]} b5 {[%clk 0:40:32]} 49. b4 {[%clk 0:38:23]} Kf8
{[%clk 0:40:48]} 50. Kd5 {[%clk 0:38:13]} Kf7 {[%clk 0:41:03]} 51. Kc5
{[%clk 0:38:35]} Kxf6 {[%clk 0:41:29]} 52. Kxb5 {[%clk 0:38:35]} Ke7
{[%clk 0:41:07]} 53. Kc6 {[%clk 0:37:54]} Kd8 {[%clk 0:41:06]} 54. Kb7
{[%clk 0:38:07]} Kd7 {[%clk 0:41:22]} 55. b5 {[%clk 0:38:23]} Kd8
{[%clk 0:41:10]} 56. Ka7 {[%clk 0:38:07]} 1-0